| 000 | 00546nam a22001577a 4500 | ||
|---|---|---|---|
| 005 | 20231115105633.0 | ||
| 008 | 231115b |||||||| |||| 00| 0 eng d | ||
| 041 | _aEnglish | ||
| 082 | _a344.1 SCO | ||
| 100 |
_aNorman-Scoble, C and Cordon-Lloyd, R _lEnglish |
||
| 245 |
_aLaw of Master and Servant in South Africa / _cC Norman-Scoble and R Cordon-Lloyd |
||
| 260 |
_aDurban : _bButterworth and Company Ltd, _c1956 |
||
| 300 |
_bliv, 409 pages ; _c25,5 cm. |
||
| 650 |
_aLegal practice _bLaw |
||
| 942 |
_cBK _6ALISON_BN_VRIES |
||
| 999 |
_c672 _d672 |
||